| 000 | 00522nam a2200205Ia 4500 | ||
|---|---|---|---|
| 003 | OSt | ||
| 005 | 20230412094638.0 | ||
| 008 | 210423s2009 xx 000 0 und d | ||
| 020 | _a9788178299143 | ||
| 040 | _cAL | ||
| 041 | _aeng | ||
| 082 | _a658.4 SEIG | ||
| 100 |
_aSEIJTS (Gerard H). _986609 |
||
| 245 | _aCases in organizational behavior. | ||
| 260 |
_aLos Angeles _bSage Publications _c2009 |
||
| 300 |
_ax,295 _bPB |
||
| 365 |
_b420 _cINR |
||
| 906 | _abehavior. ; Cases ; organizational | ||
| 942 |
_2ddc _cBK |
||
| 999 |
_c159533 _d159533 |
||